[Event "VIII Iberoamericano Mexico 2022"]
[Site "Mexico City"]
[Date "2022.02.16"]
[Round "5.18"]
[White "Avila Rodriguez, Joshua Ad"]
[Black "Jimenez Garcia, Emmanuel"]
[Result "1/2-1/2"]
[WhiteElo "2182"]
[BlackElo "2403"]
[Annotator "TA"]
[PlyCount "267"]
[EventDate "2022.02.12"]
[EventType "swiss"]
[EventCountry "MEX"]
[SourceTitle "playchess.com"]
[Source "ChessBase"]
[SourceQuality "1"]

{[%evp 16,266,43,43,69,57,56,55,87,102,97,99,114,75,85,96,106,84,67,55,45,56,39,49,62,34,89,93,81,74,66,68,69,35,42,24,52,62,39,11,88,0,0,0,0,0,0,0,0,0,0,0,0,0,0,0,0,0,0,0,20,0,0,0,0,0,26,21,115,115,115,115,120,116,272,268,247,257,265,250,249,253,401,401,504,386,826,807,705,668,605,553,4698,12847,29956,29956,29966,29968,1527,12837,12845,12841,12832,29938,12845,12824,12833,29946,12850,12839,12833,12835,12845,12847,29962,29964,29964,29967,29967,29970,29981,29967,29980,29967,29963,12502,29978,29979,29982,163,163,163,29983,163,163,163,163,163,163,163,163,60,60,60,60,60,60,60,60,60,60,60,29978,60,60,32,32,32,32,32,32,32,40,40,40,40,40,40,40,40,40,40,40,40,40,20,20,0,0,0,0,0,0,0,0,0,0,0,0,0,0,0,0,0,0,0,0,0,0,0,0,0,0,0,0,0,0,0,0,0,0,0,0,0,0,0,0,0,0,0,0,0,0,0,0,0,0,0,0,0,0,0,0,0,0,0,0,0,0,0,0,0,0,0,0,0,0,0,0,0,0,0,0]} 1. e4 g6 2. d4 d6 3. Nf3 Bg7 4. c3 Nf6 5. Bd3 O-O 6. O-O Nc6 7. Re1 e5 8. h3 Re8 9. d5 Ne7 {B07: Pirc Defence: Miscellaneous Systems.} 10. c4 h6 {was the old line (10...Nd7).} 11. Nc3 g5 {White is slightly better.} 12. h4 g4 13. Nh2 c6 {[#]} 14. Be2 $146 {[%cal Re2g4]} ({Predecessor:} 14. g3 h5 15. Bg5 Nh7 16. Qd2 Rf8 17. dxc6 bxc6 18. Rad1 Be6 19. Be2 Qc7 20. Qxd6 Qxd6 21. Rxd6 Nxg5 22. hxg5 {1-0 (37) Iovcov,V (2368)-Mamedov,R (2650) Jerusalem 2015}) 14... cxd5 15. cxd5 {[%cal Re2g4]} h5 16. Nf1 Nh7 17. Ne3 f5 18. exf5 Nxf5 19. Nxf5 Bxf5 20. g3 (20. Bd3 {feels hotter.} Bxd3 21. Qxd3 Qxh4 22. Qg6 g3 23. fxg3 Qg4 24. Qxg4 hxg4 25. Re4) 20... e4 (20... Qf6 $14) 21. Bb5 $16 Re7 22. Be3 a6 23. Bf1 Qf8 24. Bd4 Rae8 25. Bg2 Bxd4 26. Qxd4 Qf6 27. Rad1 (27. Qd2 {is interesting.} Bg6 28. Rac1 Qf7 29. Re2 Nf6 30. Rce1) 27... Kg7 (27... Qxd4 $11 {keeps the balance.} 28. Rxd4 Nf6) 28. Re3 (28. Nxe4 $2 Qxd4 29. Rxd4 Nf6 $19) (28. Qb6 $16) 28... Qxd4 $11 29. Rxd4 {[%cal Rg2e4]} Nf6 30. Kf1 {[%cal Bg1f1,Bf1e2,Be2d2][%mdl 32]} Re5 31. Ke2 Rc8 32. Kd2 Rce8 33. b4 Bg6 34. a4 b6 35. Bf1 Ra8 36. Bc4 Kf8 37. Ne2 b5 38. Nf4 Be8 39. axb5 axb5 40. Bb3 Rc8 41. Bc2 Rc4 (41... Bf7 $11 {remains equal.}) 42. Rxc4 $16 {Active counter play!} bxc4 43. Kc3 {Threatens to win with Kd4.} Bf7 44. Kxc4 Nxd5 $2 (44... Kg7 $16) 45. Nxd5 $18 Rxd5 $16 {[%mdl 4096] Endgame KRB-KRB} 46. Kc3 $1 (46. Bxe4 Rc5+ 47. Kd3 Rc4 $14) (46. Rxe4 $2 Rd2+ 47. Kb5 (47. Kc3 $2 Rxc2+ 48. Kd4 Rxf2 $19) 47... Rxc2 $19) 46... Rf5 47. Bxe4 ({Less strong is} 47. Rxe4 Rxf2 48. Re3 Be8 $14) 47... Rxf2 48. b5 {Hoping for b6.} d5 (48... Ke8 $142 49. Kb4 Kd8) 49. Bd3 $18 {Black must now prevent b6.} Be8 50. Re5 {And now b6 would win.} Rf3 $2 (50... Rf6 51. Rxd5 Re6) 51. b6 {Intending b7 and mate.} Bc6 52. Rxh5 Rxg3 53. Rh6 d4+ 54. Kxd4 Bh1 55. Rh7 Kg8 56. Rc7 Rg1 57. Ke5 (57. h5 $142 Ra1 58. b7 Bxb7 59. Rxb7) 57... Rd1 58. Be4 {Threatening mate with b7.} Re1 59. Rc8+ Kg7 {[#]} 60. b7 $1 Rxe4+ {KRB-KR} 61. Kf5 Rb4 62. b8=Q Rxb8 63. Rxb8 {KR-KB} g3 64. Kf4 Bd5 65. Kxg3 Be6 66. Kf4 Bg8 67. Kg5 Kh7 68. Kf6 Kh8 69. Rb5 Bh7 70. Rb7 (70. Kg5 $142 Kg8 71. Rb8+ Kg7 72. Rd8 Bb1 73. Rd7+ Kh8 74. Kh6 Kg8 75. Rg7+ Kf8 76. Rg5) 70... Bg8 71. Kg6 Bc4 72. h5 $2 (72. Rh7+ Kg8 73. Rd7 Kh8 74. h5 Ba2 75. Rh7+ Kg8 76. Rb7 Kh8 77. h6) 72... Bd3+ {[#]} 73. Kh6 $1 {[%cal Rb7b8]} Bc4 $2 (73... Kg8 $18 74. Rd7 Be4) 74. Kg5 $2 (74. Rb8+ Bg8 75. Kg5 Kg7 76. h6+ Kh7 77. Re8 Kh8 78. Rd8 Kh7 79. Rd7+ Kh8 80. Kg6) 74... Bd3 75. Rb8+ Kh7 76. Kf6 Be4 77. Rc8 Bd3 78. h6 ({Better is} 78. Kg5 $18 Kg7 79. Rd8) 78... Be4 (78... Kxh6 79. Rd8 Bg6 80. Rd1 Kh5 81. Rh1+ Kg4 82. Kxg6 Kf4 83. Re1) 79. Rc7+ ({Not} 79. Kg5 Bd3 80. Rc5 Kg8 $18) 79... Kh8 (79... Kxh6 {is a self mate.} 80. Rc4 Bg6 81. Rh4+ Bh5 82. Rh3 Kh7 83. Rxh5+ Kg8 84. Rh4 Kf8 85. Rh8#) 80. Re7 Bd3 81. Kf7 Bc4+ 82. Kf8 $1 Bd3 83. Re3 Bc4 $2 {[%mdl 8192] [#]} (83... Bb1 $14 84. Ke7 Kg8) 84. Rg3 $2 (84. Ke7 $1 {mates} Ba2 85. Re1 Bb3 86. Re2 Kh7 87. Kf6 Bd1 88. Rd2 Bf3 89. Rd4) 84... Kh7 $14 85. Rg7+ Kxh6 86. Rg2 Bd5 87. Rg3 Bc4 88. Ke7 Kh7 89. Kf6 Bd5 90. Rg4 Bb3 91. Rh4+ Kg8 92. Rh2 Bc4 93. Rc2 Bd5 94. Rc5 Ba2 95. Kg6 {[%cal Rc5c8]} Bb1+ {The position is equal.} 96. Kh6 Kf7 97. Rc7+ Kf6 98. Rd7 Bc2 99. Rd2 Be4 100. Rf2+ Bf5 101. Kh5 Ke5 102. Kg5 Bd3 103. Rf8 Kd4 104. Kf4 Kc3 105. Ke3 Bc2 106. Rb8 Bf5 107. Rb5 Bg6 108. Rc5+ Kb2 109. Kd2 Bb1 110. Rb5+ Ka1 111. Kc1 Ba2 112. Kc2 Bf7 113. Rb6 Ba2 114. Rb7 Bd5 115. Rb4 Ba2 116. Rb6 Bd5 117. Rb4 Ba2 118. Rb2 Bd5 119. Rb1+ Ka2 120. Re1 Bb3+ 121. Kc3 {Re2+ would kill now.} Bf7 122. Re2+ Ka1 123. Re7 Ba2 124. Ra7 Kb1 125. Ra5 Ka1 126. Rb5 Bf7 127. Kc2 Bg6+ 128. Kc1 {[%cal Rb5a5]} Bf7 129. Ra5+ Ba2 130. Kd2 Kb2 131. Rb5+ Ka1 132. Kc2 Bf7 133. Ra5+ Ba2 134. Ra6 {Weighted Error Value: White=0.10 (very precise) /Black=0.35} 1/2-1/2

[Event "VIII Iberoamericano Mexico 2022"]
[Site "Mexico City"]
[Date "2022.02.16"]
[Round "5.19"]
[White "Avila Bautista, Roberto Al"]
[Black "Perez Gormaz, Matias"]
[Result "1/2-1/2"]
[WhiteElo "2090"]
[BlackElo "2404"]
[Annotator "TA"]
[PlyCount "83"]
[EventDate "2022.02.12"]
[EventType "swiss"]
[EventCountry "MEX"]
[SourceTitle "playchess.com"]
[Source "ChessBase"]
[SourceQuality "1"]

{[%evp 12,83,10,0,7,0,9,-18,0,0,0,-2,9,-9,0,-20,0,0,0,-20,0,-4,-11,-2,-3,-5,-15,-16,-15,-12,-7,-8,0,0,0,0,0,-16,0,-42,0,0,0,0,0,0,0,-2,0,0,0,0,0,0,0,0,0,0,0,0,0,-7,8,8,12,-8,0,0,0,0,0,0,0,0]} 1. Nf3 d5 2. g3 Nf6 3. Bg2 e6 4. O-O Be7 5. b3 O-O 6. c4 d4 7. e3 c5 {A14: English Opening: 1...e6 with b3 by White.} 8. exd4 cxd4 9. Ba3 Nc6 10. Re1 Re8 11. Bxe7 Rxe7 12. Ne5 Nxe5 13. Rxe5 {[#]} Nd7 $146 ({Predecessor:} 13... Qd6 14. Re1 e5 15. Qc1 Bf5 16. Qa3 Qc7 17. Qb2 Rd8 18. Na3 a6 19. Rac1 b6 {1-0 (30) Moehring,G (2275)-De Andres Gonalons,F Berlin 1998}) 14. Re1 Nc5 15. d3 a5 16. Qc2 e5 17. Nd2 Bf5 18. Ne4 Bxe4 19. Bxe4 Nxe4 20. Rxe4 f5 21. Re2 Ra6 22. Rae1 Rae6 {[%cal Oe5e4]} 23. Qd2 e4 24. Qf4 {[%csl LRe4,LRf5]} g6 25. h4 (25. g4 $1 $11) 25... Qd7 (25... h5 $15) 26. h5 $11 {The position is equal.} exd3 27. Rxe6 Rxe6 {[%mdl 4096] Endgame KQR-KQR} 28. Rd1 Re4 29. Qf3 Qe7 {[#] And now ...Re1+ would win.} 30. Rxd3 Qa3 31. hxg6 hxg6 32. Qd1 Qe7 {White must now prevent ...Re1+.} 33. Kg2 Qe5 34. Qd2 Kg7 35. Rf3 Re2 36. Qf4 Kf6 37. Qh4+ Kg7 38. Qf4 Qe4 39. Qc7+ Kh6 40. Qd8 Kg7 41. Qc7+ Kh6 42. Qd8 {A balanced but interesting game.  Weighted Error Value: White=0.05 (flawless) /Black=0.04 (flawless)} 1/2-1/2

[Event "VIII Iberoamericano Mexico 2022"]
[Site "Mexico City"]
[Date "2022.02.16"]
[Round "5.20"]
[White "Henderson de La Fuente, Lance"]
[Black "Ruiz Perez, Juan Octavio"]
[Result "1-0"]
[WhiteElo "2494"]
[BlackElo "2074"]
[Annotator "TA"]
[PlyCount "111"]
[EventDate "2022.02.12"]
[EventType "swiss"]
[EventCountry "MEX"]
[SourceTitle "playchess.com"]
[Source "ChessBase"]
[SourceQuality "1"]

{[%evp 18,111,-12,-19,-6,-5,-2,-20,-21,-23,-8,-8,3,0,40,32,34,39,31,19,31,35,47,44,62,87,93,95,85,97,174,113,211,214,223,209,200,60,92,93,87,104,113,118,155,166,193,189,215,214,215,208,215,215,310,199,213,201,230,199,223,199,233,192,370,389,479,387,391,388,356,301,417,386,414,401,414,362,405,372,460,438,640,706,864,872,1134,1114,6203,6203,29978,29977,29978,29972,29988,29989]} 1. d4 Nf6 2. c4 g6 3. Nc3 d5 4. Nf3 Bg7 5. Bg5 Ne4 6. cxd5 Nxg5 7. Nxg5 e6 8. Nf3 exd5 9. e3 O-O 10. Be2 Qd6 {D91: Grünfeld: 4 Nf3 Bg7 5 Bg5.} 11. O-O Re8 12. Rc1 c6 {To avoid Nb5. The position is equal.} 13. a3 {[#]} a5 $146 ({Predecessor:} 13... Nd7 14. Qc2 Nb6 15. Na4 Bf5 16. Qb3 Nxa4 17. Qxa4 Bf6 18. Rc3 h5 19. Rfc1 Kg7 20. b4 a6 21. Qb3 Re6 22. a4 g5 23. Bd3 Bxd3 24. Rxd3 g4 25. Nd2 Be7 {½-½ (25) Panno,O (2495)-Rubinetti,J (2460) Buenos Aires 1989}) 14. Na4 {[%cal Bc3a4,Ba4c5,Bc5d3,Bd3b4][%mdl 32]} Bg4 15. Qb3 Bxf3 16. Bxf3 b5 17. Nc5 a4 18. Qc2 Ra7 19. Rfd1 {[%cal Bf1d1,Bd1d3,Bd3c3][%mdl 32]} f5 20. Nd3 Rf7 21. g3 Kh8 22. Nb4 {[%cal Rb4c6]} Rf6 23. Rd3 Ref8 {[#]} (23... Bf8 $16) 24. Bg2 ({White should try} 24. h4 $1 $18) 24... Bh6 (24... g5 $16) 25. Rc3 $18 f4 26. exf4 g5 27. f5 (27. Nxc6 $18 {Threatens to win with Ne5.} Nxc6 28. Rxc6 Qxc6 29. Qxc6 Rxc6 30. Rxc6) 27... g4 28. Rf1 Bg7 29. f4 Rxf5 30. Rd1 {[%cal Rb4c6]} R5f6 {[#]} 31. Nd3 $1 {White is more active.} Re6 32. Ne5 Bxe5 33. dxe5 ({Don't play} 33. fxe5 $6 Qd7 34. Bf1 Qd8) 33... Qd8 34. Rc1 Qb6+ 35. Kh1 Rf7 (35... Qd8 {might work better.} 36. Bf1 h5) 36. Rc5 Kg7 37. Qc3 Qd8 38. Qd4 h5 39. R5c3 Qf8 40. h4 Rf5 $2 (40... Qe7 {is a better defense.} 41. Bf1 Qa7) 41. Bf1 Qe8 42. Bd3 Rf7 43. Bb1 Kg8 44. Kh2 {[%cal Bh1h2,Bh2g1,Bg1g2][%mdl 32]} Kf8 45. Re3 Nd7 46. Rce1 Rfe7 47. Kg1 Kg8 48. Kg2 Kf8 49. Bf5 Rh6 (49... c5 $142 50. Qxd5 Nb6 51. Qxc5 Qc6+ 52. Qxc6 Rxc6) 50. Bxd7 Qxd7 51. f5 {[%cal Bf4f5,Bf5f6][%mdl 32]} c5 52. Qf4 Rh8 53. e6 Qc6 54. Kh2 {White mates.} d4 55. Re4 d3 56. f6 {Weighted Error Value: White=0.18 (very precise) /Black=0.29 (precise)} 1-0

[Event "VIII Iberoamericano Mexico 2022"]
[Site "Mexico City"]
[Date "2022.02.16"]
[Round "5.22"]
[White "Rosales Campos, Paul"]
[Black "Leon Valdes, Jony Wilson"]
[Result "1/2-1/2"]
[WhiteElo "2039"]
[BlackElo "2392"]
[Annotator "TA"]
[PlyCount "49"]
[EventDate "2022.02.12"]
[EventType "swiss"]
[EventCountry "MEX"]
[SourceTitle "playchess.com"]
[Source "ChessBase"]
[SourceQuality "1"]

{[%evp 13,49,0,0,0,27,0,33,0,0,0,-29,-29,0,-40,-26,-20,-34,-4,-14,-78,-55,-58,-66,-56,-53,-130,-96,-263,-270,-285,0,0,214,124,387,381,339,355]} 1. e4 e6 2. d4 d5 3. Nc3 Nf6 4. Bg5 Be7 5. e5 Nfd7 6. h4 h6 7. Be3 c5 8. Qg4 {C14: French: Classical System: 4 Bg5 Be7 main line.} g6 9. Nf3 Nc6 10. O-O-O {White is slightly better.} (10. dxc5 {feels hotter.} Nxc5 11. O-O-O Qa5 12. Kb1 a6 13. Qf4) 10... cxd4 11. Bxd4 Nxd4 12. Rxd4 {[#]} Qb6 $146 ({Predecessor:} 12... a6 13. Bd3 Qc7 14. Re1 Rg8 15. Qf4 Bc5 16. Rxd5 exd5 17. Nxd5 Qb8 18. Qxh6 Bf8 {1-0 (27) Kogan,A (2548)-Gleizerov,E (2590) Alghero 2011}) 13. Bd3 Nc5 14. Bxg6 fxg6 15. Qxg6+ Kd8 16. Rhd1 (16. Qg7 $11 Rf8 17. Qxh6) 16... Bd7 $17 17. Qg7 Re8 18. Qxh6 Kc7 19. h5 (19. Rxd5 $15 Rac8 20. R5d4) 19... Rac8 20. Qg7 $2 (20. Rxd5 $17 Bc6 21. R5d4) 20... Bc6 $19 21. h6 {[%cal Bh5h6,Bh6h7][%mdl 32] [#]} Nd7 $2 (21... Ne4 $1 $19 {[%cal Re4c3] Threatens to win with ...Nxc3.} 22. Nxe4 dxe4) 22. h7 $36 {[%mdl 2048] Black is under pressure.} Qc5 $2 (22... Bc5 $1 $11) 23. Kb1 (23. Rh1 $18) 23... b5 $2 {[%mdl 8192]} (23... Qb6 $16) 24. Rh1 {Dancing on a razor blade.} b4 25. Ne2 {[%mdl 32768] Weighted Error Value: White=0.43/Black=0.63. An unexpected result.} ({Weaker is} 25. Nd1 Bf8 26. Qg4 Be7 $18) 1/2-1/2

[Event "VIII Iberoamericano Mexico 2022"]
[Site "Mexico City"]
[Date "2022.02.16"]
[Round "5.23"]
[White "Gemy, Jose Daniel"]
[Black "Montes Orozco, Miguel Angel"]
[Result "1/2-1/2"]
[WhiteElo "2381"]
[BlackElo "1914"]
[Annotator "TA"]
[PlyCount "93"]
[EventDate "2022.02.12"]
[EventType "swiss"]
[EventCountry "MEX"]
[SourceTitle "playchess.com"]
[Source "ChessBase"]
[SourceQuality "1"]

{[%evp 22,93,22,31,33,45,41,35,59,47,50,57,61,6,9,0,63,58,58,53,84,90,125,125,143,146,108,112,112,102,391,384,350,383,364,40,41,37,74,48,92,12,102,120,136,122,99,103,118,120,126,100,107,112,143,0,0,0,0,0,0,0,0,-166,-163,-338,-337,-412,-393,-393,-86,-96,-83,-98]} 1. e4 e5 2. Nf3 Nc6 3. Bc4 Bc5 4. c3 Nf6 5. d3 a6 6. Bb3 d6 7. O-O O-O 8. Nbd2 {[%cal Bb1d2,Bd2f1,Bf1g3][%mdl 32]} Ba7 9. h3 Ne7 10. Re1 Ng6 11. Nf1 h6 12. Ng3 c6 {C54: Giuoco Piano: 4 c3 Nf6, main lines with 5 d4 and 5 d3.} 13. d4 Re8 14. Qc2 {[#]} Nh7 $146 {White is slightly better.} ({Predecessor:} 14... c5 15. Be3 Qc7 16. Qd2 Be6 17. Bc2 exd4 18. cxd4 Bb6 19. b4 cxd4 20. Nxd4 Rac8 {½-½ (44) Glatthaar,M (2413)-Van Leeuwen,E (2489) ICCF email 2017}) 15. Be3 Ng5 16. Nxg5 hxg5 17. dxe5 {White is more active.} ({White should try} 17. Qd2 $14) 17... Bxe3 $11 18. Rxe3 {Strongly threatening exd6.} dxe5 (18... Nxe5 $11 19. Qd1 Qf6) 19. Rd1 $14 Qf6 20. Nf5 Bxf5 21. exf5 Nf4 22. g3 $1 Nxh3+ 23. Kg2 g4 {White must now prevent ...Ng5.} 24. Qe4 $1 Rad8 25. Qxg4 Ng5 {[%mdl 8192]} (25... Rxd1 $16 {was necessary.} 26. Qxd1 (26. Bxd1 Ng5 $14) 26... Ng5) 26. Rh1 $1 $18 Rd2 27. Rh5 Ne6 {[%cal Bg5e6,Be6c5,Bc5d7,Bd7f6][%mdl 32] [#]} 28. Re2 $2 {Really sharp!} ({White should play} 28. Rxe5 $3 $18 {[%mdl 512]} b6 (28... g6 29. Rxe6) 29. Qf3 $1 {[%mdl 512]}) 28... Rxe2 $14 29. Qxe2 Nc5 30. Bc2 $1 Qd8 (30... e4 $1 $14 {was preferrable.}) 31. Qe3 (31. Rh4 $16) 31... Qd5+ {[#]} (31... Nd7 $1 $11) 32. Kg1 $1 $16 {[%cal Of5f6]} Nd7 33. Bb3 Qd6 34. g4 Nf6 {[%csl LRg4,LRh5] [#]} 35. Rh4 {aiming for g5.} Nd5 36. Qh3 {[%csl Gh3][%cal Rh4h8]} Kf8 37. g5 {[%cal Of5f6] And now f6! would win.} Nf4 38. Rxf4 exf4 {[%mdl 4096] Endgame KQR-KQB} 39. Qh8+ Ke7 40. Qxg7 Rf8 41. f6+ Ke8 {Hoping for ...Qe5.} 42. g6 $2 (42. Kg2 $1 $11) 42... fxg6 $19 {...b5 is the strong threat.} 43. f7+ $2 ({Don't blunder} 43. Qxg6+ $2 Kd8 44. a4 Rxf6 $19) (43. Qxb7 Rxf6 44. Qxa6) 43... Ke7 44. Qh6 Qf6 {Inhibits Qg5. Threatens to win with ...Rh8.} 45. Qh3 Rxf7 $2 (45... Rh8 $19 46. Qf3 Qf5) 46. Bxf7 $17 Qxf7 47. Qc8 {Black used his chance.  Weighted Error Value: White=0.38/Black=0.50} 1/2-1/2

[Event "VIII Iberoamericano Mexico 2022"]
[Site "Mexico City"]
[Date "2022.02.16"]
[Round "5.24"]
[White "Galaviz Medina, Sion Radamantys"]
[Black "Zacarias Rodriguez, Santiago"]
[Result "1-0"]
[WhiteElo "2374"]
[BlackElo "1896"]
[Annotator "ChessBase"]
[PlyCount "79"]
[EventDate "2022.02.12"]
[EventType "swiss"]
[EventCountry "MEX"]
[SourceTitle "playchess.com"]
[Source "ChessBase"]
[SourceQuality "1"]
[TimeControl "5400+30"]

1. d4 {[%emt 0:00:02]} Nf6 {[%emt 0:07:21]} 2. c4 {[%emt 0:00:05]} c5 {[%emt 0:00:11]} 3. d5 {[%emt 0:00:04]} d6 {[%emt 0:00:46]} 4. Nc3 {[%emt 0:00:17]} g6 {[%emt 0:00:06]} 5. e4 {[%emt 0:00:14]} Bg7 {[%emt 0:00:12]} 6. Bd3 {[%emt 0:00:05]} O-O {[%emt 0:00:27]} 7. h3 {[%emt 0:00:04]} e6 {[%emt 0:00:38]} 8. Nf3 {[%emt 0:00:11]} Nbd7 {[%emt 0:00:57]} 9. Bf4 {[%emt 0:01:46]} e5 {[%emt 0:02:53]} 10. Be3 {[%emt 0:00:26]} h6 {[%emt 0:06:35]} 11. g4 {[%emt 0:00:10]} Nh7 {[%emt 0:03:58]} 12. Qd2 {[%emt 0:00:39]} Qf6 {[%emt 0:01:47]} 13. Ke2 {[%emt 0:02:38]} Qe7 {[%emt 0:04:17]} 14. Bxh6 {[%emt 0:01:07]} Bxh6 {[%emt 0:03:41]} 15. Qxh6 {[%emt 0:00:06]} Rd8 {[%emt 0:08:26]} 16. Rag1 {[%emt 0:01:30]} Qf8 {[%emt 0:06:11]} 17. Qc1 {[%emt 0:00:06]} Ndf6 {[%emt 0:05:15]} 18. Nd1 b5 {[%emt 0:06:25]} 19. cxb5 {[%emt 0:03:36]} c4 {[%emt 0:04:16]} 20. Qxc4 {[%emt 0:06:39]} Bd7 {[%emt 0:01:00]} 21. a4 {[%emt 0:00:15]} Rac8 {[%emt 0:02:18]} 22. Qb4 {[%emt 0:00:12]} Rc1 {[%emt 0:02:39]} 23. Ne3 {[%emt 0:00:18]} Rxg1 {[%emt 0:00:20]} 24. Rxg1 {[%emt 0:00:01]} Rc8 {[%emt 0:02:25]} 25. Nc4 {[%emt 0:01:32]} Rc5 {[%emt 0:00:34]} 26. Na5 {[%emt 0:00:44]} Qb8 {[%emt 0:04:46]} 27. Nb3 {[%emt 0:07:12]} Rc8 {[%emt 0:00:09]} 28. a5 {[%emt 0:03:01]} Re8 {[%emt 0:00:16]} 29. Kd2 {[%emt 0:01:49]} Qb7 {[%emt 0:03:20]} 30. g5 {[%emt 0:02:00]} Nxd5 {[%emt 0:00:32]} 31. Qxd6 {[%emt 0:00:10]} Bxb5 {[%emt 0:04:43]} 32. Nc5 {[%emt 0:00:48]} Qc8 {[%emt 0:01:06]} 33. Bxb5 {[%emt 0:00:39]} Rd8 {[%emt 0:00:04]} 34. Bd7 {[%emt 0:00:05]} Nf8 {[%emt 0:03:39]} 35. Nxe5 {[%emt 0:00:24]} Nxd7 {[%emt 0:01:25]} 36. Ncxd7 {[%emt 0:00:20]} Qb7 {[%emt 0:01:12]} 37. Qxd5 {[%emt 0:00:35]} Qxb2+ {[%emt 0:00:12]} 38. Ke3 {[%emt 0:00:15]} Qa3+ {[%emt 0:00:35]} 39. Kf4 {[%emt 0:00:50]} Qe7 {[%emt 0:00:02]} 40. Nc6 {[%emt 0:00:28]} 1-0

[Event "VIII Iberoamericano Mexico 2022"]
[Site "Mexico City"]
[Date "2022.02.16"]
[Round "5.25"]
[White "Martin Del Campo C., Jorge"]
[Black "Noboa Silva, Kevin"]
[Result "0-1"]
[WhiteElo "2019"]
[BlackElo "2331"]
[Annotator "ChessBase"]
[PlyCount "76"]
[EventDate "2022.02.12"]
[EventType "swiss"]
[EventCountry "MEX"]
[SourceTitle "playchess.com"]
[Source "ChessBase"]
[SourceQuality "1"]
[TimeControl "5400+30"]

1. c4 {[%emt 0:00:05]} Nf6 {[%emt 0:00:15]} 2. Nc3 {[%emt 0:00:22]} c5 {[%emt 0:01:01]} 3. g3 {[%emt 0:00:18]} e6 {[%emt 0:00:13]} 4. Bg2 {[%emt 0:00:19]} d5 {[%emt 0:00:15]} 5. cxd5 {[%emt 0:06:02]} exd5 {[%emt 0:00:18]} 6. d4 {[%emt 0:03:47]} cxd4 {[%emt 0:00:36]} 7. Qxd4 {[%emt 0:00:33]} Nc6 {[%emt 0:00:31]} 8. Qd1 {[%emt 0:01:33]} d4 {[%emt 0:01:17]} 9. Ne4 {[%emt 0:00:56]} Be7 {[%emt 0:04:21]} 10. Nxf6+ {[%emt 0:00:54]} Bxf6 {[%emt 0:00:06]} 11. Nf3 {[%emt 0:00:09]} O-O {[%emt 0:00:14]} 12. O-O {[%emt 0:00:08]} Re8 {[%emt 0:01:26]} 13. Re1 {[%emt 0:04:19]} Bf5 {[%emt 0:02:25]} 14. Qb3 {[%emt 0:06:06]} Be4 {[%emt 0:04:50]} 15. Bd2 {[%emt 0:05:14]} Bd5 {[%emt 0:03:00]} 16. Qa3 {[%emt 0:08:32]} Qb6 {[%emt 0:05:22]} 17. Rac1 {[%emt 0:11:42]} Rad8 {[%emt 0:05:49]} 18. b3 {[%emt 0:00:56]} h6 {[%emt 0:03:53]} 19. Kf1 {[%emt 0:04:50]} Be7 {[%emt 0:04:18]} 20. Qa4 {[%emt 0:02:49]} Bf8 {[%emt 0:04:23]} 21. Nh4 {[%emt 0:04:28]} Re5 {[%emt 0:02:47]} 22. Bxd5 {[%emt 0:03:12]} Rexd5 {[%emt 0:00:18]} 23. Nf3 {[%emt 0:00:17]} Qc7 {[%emt 0:01:46]} 24. Qc4 {[%emt 0:03:32]} Qd7 {[%emt 0:00:34]} 25. Kg2 {[%emt 0:01:39]} Ba3 {[%emt 0:04:37]} 26. Rcd1 {[%emt 0:00:54]} d3 {[%emt 0:00:21]} 27. e4 {[%emt 0:06:44]} Rh5 {[%emt 0:00:22]} 28. h4 {[%emt 0:00:59]} b5 {[%emt 0:00:19]} 29. Qc3 {[%emt 0:00:43]} Rc5 {[%emt 0:00:55]} 30. Qa1 {[%emt 0:00:15]} Rc2 {[%emt 0:00:49]} 31. Bc3 {[%emt 0:04:53]} Qg4 {[%emt 0:06:26]} 32. Re3 {[%emt 0:02:57]} Bc5 {[%emt 0:00:41]} 33. Bd2 {[%emt 0:06:02]} Bxe3 {[%emt 0:00:26]} 34. Bxe3 {[%emt 0:00:06]} Qxe4 {[%emt 0:00:21]} 35. Rd2 {[%emt 0:01:51]} Rxd2 {[%emt 0:00:51]} 36. Bxd2 {[%emt 0:00:06]} Nd4 {[%emt 0:00:27]} 37. Qd1 {[%emt 0:00:07]} Rd5 {[%emt 0:00:23]} 38. Be3 {[%emt 0:00:06]} Nxf3 {[%emt 0:42:34]} 0-1